00648nam a2200181 i 450000100060000000300090000600500170001500700030003200800410003510000250007624501000010126000450020130000220024670000280026885200320029699900170032895201210034531225ES-MaACL20230906154336.0t|030128s1956 sp ||||1| spa d1 aBeaty, David.92680013aEl corazón de la tormenta / cDavid Beaty ; [versión española de Antonio Ribera Jordá]. aBarcelona : bExito, c[1956] (fDuplex) a307 p. ; c20 cm.1 aRibera, Antonio.996769 aES-MaACLjC-11395 bR.39442 c31225d31225 00104070aATENEOMbATENEOMcSPALd2008-01-17eSCl0oC-11395p1032259r2023-02-23 00:00:00w2023-02-23yMONOGRAFIA